[Event "Gibtelecom Masters 8th"]
[Site "Gibraltar"]
[Date "2010.01.28"]
[Round "4.40"]
[White "Reizniece, Dana"]
[Black "Dasaolu, Adeoye"]
[Result "0-1"]
[WhiteElo "2341"]
[BlackElo "2068"]
[PlyCount "178"]
[EventDate "2010.01.26"]
[EventType "swiss"]
[EventRounds "10"]
[EventCountry "GGB"]
[SourceDate "2005.02.07"]

1. c4 Nf6 2. Nc3 c5 3. g3 Nc6 4. Bg2 d6 5. Nf3 e6 6. O-O Be7 7. d4 Nxd4 8. Nxd4
cxd4 9. Qxd4 O-O 10. e4 a6 11. b3 Qc7 12. Bb2 b6 13. h3 Bb7 14. Rac1 Rab8 15Kh2 Rfd8 16. f4 Ba8 17. f5 Qc5 18. Qd2 Rbc8 19. Qe2 Re8 20. Na4 Qc7 21. fxe6
fxe6 22. Bd4 Nd7 23. Qh5 Bf6 24. Be3 Nc5 25. Nxc5 bxc5 26. Rf2 Bd4 27. Bxd4
cxd4 28. Rcf1 e5 29. h4 g6 30. Qg5 Rf8 31. Rxf8+ Rxf8 32. Rxf8+ Kxf8 33. Qf6+
Qf7 34. Qxd6+ Qe7 35. Qb8+ Qe8 36. Qd6+ Qe7 37. Qxa6 Bb7 38. Qb5 Kg7 39. c5 Qc7
40. a4 Bc6 41. Qd3 Qb7 42. Qc2 Qb4 43. Bf1 Qe1 44. Bd3 h6 45. Kg2 g5 46. hxg5
hxg5 47. Be2 Kf6 48. a5 Qxa5 49. Kf2 Qb4 50. Bd3 Ke7 51. Ke2 Kf6 52. Kd1 Ke7
53. Kc1 Qe1+ 54. Kb2 Qxg3 55. b4 Qe1 56. b5 Qb4+ 57. Qb3 Qxc5 58. bxc6 Qxc6 59Qb4+ Qd6 60. Qxd6+ Kxd6 61. Be2 Kc5 62. Kc2 Kb4 63. Bg4 Kc4 64. Be6+ Kb4 65Kd3 Kb5 66. Bg4 Kb4 67. Bd1 Kb5 68. Be2 Kb4 69. Kd2 Kb3 70. Bd1+ Kc4 71. Be2+
Kb3 72. Kd3 Kb4 73. Bh5 Kb3 74. Bg4 Kb4 75. Bc8 Kb3 76. Bd7 Kb4 77. Be6 Kb5 78Ke2 Kb4 79. Kd3 Kb5 80. Bh3 Kb4 81. Kd2 Kc4 82. Bf1+ Kb3 83. Ke2 Kc2 84. Kf3
Kd2 85. Kg4 Ke3 86. Kf5 g4 87. Kxe5 g3 88. Kf5 d3 89. e5 d2 0-1

[Event "Gibtelecom Masters 8th"]
[Site "Gibraltar"]
[Date "2010.01.28"]
[Round "4.41"]
[White "Fox, Pierre"]
[Black "Sedina, Elena"]
[Result "0-1"]
[WhiteElo "1788"]
[BlackElo "2335"]
[PlyCount "80"]
[EventDate "2010.01.26"]
[EventType "swiss"]
[EventRounds "10"]
[EventCountry "GGB"]
[SourceDate "2005.02.07"]

1. d4 Nf6 2. c4 c6 3. Nf3 d5 4. Qc2 dxc4 5. e4 b5 6. b3 cxb3 7. axb3 e6 8. Bd2
Bb7 9. Ba5 Qc8 10. Bd3 Be7 11. O-O h6 12. b4 Nbd7 13. Nc3 Nb6 14. Bxb6 axb6 15e5 Nd7 16. Rab1 O-O 17. Qb3 Qd8 18. Be4 Nb8 19. Rfd1 Na6 20. Nxb5 Rb8 21. Nc3
Nxb4 22. Rb2 Ba6 23. Qa4 b5 24. Qb3 Qc8 25. Rc1 Qd8 26. Rd1 Nd5 27. Nxd5 cxd5
28. Bb1 b4 29. Qc2 g6 30. Qd2 Kg7 31. Ba2 Rc8 32. Ne1 Rc3 33. Rc2 Qc7 34. Rdc1
Rc8 35. Bb3 Qa5 36. g3 Qa3 37. Rb1 Rxb3 38. Ra2 Rxb1 39. Rxa3 bxa3 40. Kg2 Bb4
0-1

[Event "Gibtelecom Masters 8th"]
[Site "Gibraltar"]
[Date "2010.01.28"]
[Round "4.42"]
[White "Zozulia, Anna"]
[Black "Pereira, Johnharry"]
[Result "1-0"]
[WhiteElo "2321"]
[BlackElo "1892"]
[PlyCount "57"]
[EventDate "2010.01.26"]
[EventType "swiss"]
[EventRounds "10"]
[EventCountry "GGB"]
[SourceDate "2005.02.07"]

1. e4 c6 2. d4 d5 3. exd5 cxd5 4. Bd3 Nc6 5. c3 Nf6 6. h3 g6 7. Bf4 Bg7 8. Nf3
O-O 9. O-O a6 10. Nbd2 Bf5 11. Bxf5 gxf5 12. Ne5 Nxe5 13. Bxe5 e6 14. a4 b5 15Nb3 Nd7 16. Bxg7 Kxg7 17. Nc5 Qe7 18. b4 a5 19. axb5 axb4 20. cxb4 Nb6 21. Ra6
Nc4 22. Qa4 Nb6 23. Qb3 Rab8 24. Qg3+ Kh6 25. Re1 Rg8 26. Qf4+ Qg5 27. Nxe6
Qxf4 28. Nxf4 Kg5 29. g3 1-0

[Event "Gibtelecom Masters 8th"]
[Site "Gibraltar"]
[Date "2010.01.28"]
[Round "4.43"]
[White "Frey, Matthias"]
[Black "Wantiez, Fabrice"]
[Result "1/2-1/2"]
[WhiteElo "1907"]
[BlackElo "2315"]
[PlyCount "109"]
[EventDate "2010.01.26"]
[EventType "swiss"]
[EventRounds "10"]
[EventCountry "GGB"]
[SourceDate "2005.02.07"]

1. e4 e5 2. Nf3 Nc6 3. Bb5 a6 4. Ba4 Nf6 5. O-O Be7 6. Re1 b5 7. Bb3 d6 8. c3
O-O 9. d4 Bg4 10. d5 Na5 11. Nbd2 Nxb3 12. axb3 c6 13. dxc6 Qc7 14. Nf1 Qxc6
15. Bg5 Rfe8 16. Bxf6 Bxf6 17. Nxe5 Bxd1 18. Nxc6 Bxb3 19. Nd2 Be6 20. Nf3 Rec8
21. Nfd4 Bd7 22. Nb4 Bxd4 23. cxd4 Rc4 24. Nd5 Rxd4 25. Nb6 Ra7 26. Nxd7 Rxd7
27. Rxa6 f6 28. Rb6 Rb4 29. Re2 Rc7 30. f3 Rc1+ 31. Kf2 Rb1 32. Rxd6 R4xb2 33Rxb2 Rxb2+ 34. Kg3 b4 35. Rb6 b3 36. Rb7 Rb1 37. f4 b2 38. e5 g5 39. exf6 gxf4+
40. Kf2 h5 41. h3 h4 42. Rb3 Kf7 43. Rb4 Kg6 44. f7 Kxf7 45. Rxf4+ Ke6 46. Rb4
Kd5 47. Rb3 Kc4 48. Rb8 Kc3 49. Rc8+ Kd4 50. Rd8+ Kc5 51. Rb8 Kc6 52. Rb3 Kd5
53. Rb8 Kc6 54. Rb3 Kc5 55. Rb8 1/2-1/2

[Event "Gibtelecom Masters 8th"]
[Site "Gibraltar"]
[Date "2010.01.28"]
[Round "4.44"]
[White "Kantans, Toms"]
[Black "Valhondo Morales, Ruben"]
[Result "1-0"]
[WhiteElo "2303"]
[BlackElo "1762"]
[PlyCount "59"]
[EventDate "2010.01.26"]
[EventType "swiss"]
[EventRounds "10"]
[EventCountry "GGB"]
[SourceDate "2005.02.07"]

1. c4 Nf6 2. Nc3 g6 3. e4 d6 4. f4 Bg7 5. Nf3 O-O 6. Be2 c5 7. d3 Nc6 8. O-O e6
9. h3 Nd4 10. Nxd4 cxd4 11. Nb5 e5 12. fxe5 dxe5 13. Bg5 h6 14. Bh4 a6 15. Na3
b6 16. Nc2 Qd6 17. a4 Ne8 18. a5 f5 19. Bf3 Ra7 20. Be1 Rf6 21. exf5 gxf5 22Nb4 bxa5 23. Rxa5 Kh8 24. Nc6 Rb7 25. Nxe5 Rxb2 26. Rd5 Qc7 27. Ba5 Qe7 28. Re1
Be6 29. Qa1 Rb8 30. Nc6 1-0

[Event "Gibtelecom Masters 8th"]
[Site "Gibraltar"]
[Date "2010.01.28"]
[Round "4.45"]
[White "Bindrich, Oswald"]
[Black "Vernay, Clovis"]
[Result "0-1"]
[WhiteElo "2173"]
[BlackElo "2442"]
[PlyCount "64"]
[EventDate "2010.01.26"]
[EventType "swiss"]
[EventRounds "10"]
[EventCountry "GGB"]
[SourceDate "2005.02.07"]

1. e4 c5 2. Nf3 d6 3. d4 cxd4 4. Nxd4 Nf6 5. Nc3 a6 6. Be2 e6 7. O-O Be7 8. Be3
O-O 9. f4 Nc6 10. Qe1 Bd7 11. Qg3 Qc7 12. Rae1 b5 13. a3 Rab8 14. e5 dxe5 15fxe5 Nxe5 16. Kh1 Rbc8 17. Bf4 Bd6 18. Bxb5 Nh5 19. Qe3 Nxf4 20. Qxf4 Nc4 21Qh4 axb5 22. Ne4 Be5 23. Nf3 Bxb2 24. Nfg5 h6 25. Rf6 Qe5 26. Ref1 Ne3 27. Rxh6
gxh6 28. Nf6+ Kg7 29. Nh5+ Kh8 30. Nxf7+ Rxf7 31. Rxf7 Nf5 32. Qb4 Bxa3 0-1

[Event "Gibtelecom Masters 8th"]
[Site "Gibraltar"]
[Date "2010.01.28"]
[Round "4.46"]
[White "Cori Tello, Deysi"]
[Black "Haarr, Jon Kristian"]
[Result "1/2-1/2"]
[WhiteElo "2412"]
[BlackElo "2157"]
[PlyCount "86"]
[EventDate "2010.01.26"]
[EventType "swiss"]
[EventRounds "10"]
[EventCountry "GGB"]
[SourceDate "2005.02.07"]

1. d4 Nf6 2. Nf3 d5 3. c4 c6 4. g3 e6 5. Qc2 dxc4 6. Qxc4 b5 7. Qc2 Bb7 8. Bg2
Nbd7 9. O-O c5 10. Rd1 Rc8 11. a4 b4 12. Bg5 cxd4 13. Qd3 e5 14. Nxe5 Bxg2 15Bxf6 Nxe5 16. Bxe5 Ba8 17. Nd2 f6 18. Bxd4 Be7 19. Qb5+ Bc6 20. Qh5+ g6 21. Qg4
O-O 22. Qe6+ Kg7 23. Ne4 Qe8 24. Rac1 a5 25. b3 Bb7 26. Rxc8 Bxc8 27. Qd5 Qf7
28. Qxf7+ Kxf7 29. Bb6 Be6 30. Rd3 Ra8 31. f3 Ra6 32. Bd8 f5 33. Ng5+ Bxg5 34Bxg5 Rc6 35. Bd8 Rc3 36. Rd4 Rc5 37. Bb6 Rd5 38. Rh4 h5 39. Kf2 Re5 40. Rd4
Bxb3 41. Rd7+ Re7 42. Rd4 Re5 43. Rd7+ Re7 1/2-1/2

[Event "Gibtelecom Masters 8th"]
[Site "Gibraltar"]
[Date "2010.01.28"]
[Round "4.47"]
[White "Byrn, Carsten"]
[Black "Karavade, Eesha"]
[Result "0-1"]
[WhiteElo "2171"]
[BlackElo "2405"]
[PlyCount "78"]
[EventDate "2010.01.26"]
[EventType "swiss"]
[EventRounds "10"]
[EventCountry "GGB"]
[SourceDate "2005.02.07"]

1. d4 Nf6 2. c4 g6 3. Nc3 d5 4. cxd5 Nxd5 5. e4 Nxc3 6. bxc3 Bg7 7. Be3 c5 8Qd2 Qa5 9. Nf3 O-O 10. Rb1 a6 11. Rc1 Rd8 12. d5 Bg4 13. c4 Qa3 14. Ng5 Nc6 15h3 Bc8 16. Nf3 f5 17. Bd3 Nb4 18. Bb1 fxe4 19. Ng5 Bb2 20. O-O Bxc1 21. Rxc1
Nd3 22. Bxd3 Qxd3 23. Qxd3 exd3 24. Bxc5 h6 25. Ne4 Kf7 26. Bb6 Bf5 27. Bxd8
Rxd8 28. f3 b5 29. cxb5 axb5 30. Kf2 Rxd5 31. Ke3 b4 32. Rd1 Ra5 33. Rd2 Be6
34. Rb2 Rxa2 35. Rxa2 Bxa2 36. Kxd3 Bb1+ 37. Kc4 Bxe4 38. fxe4 Ke6 39. Kxb4 Ke5
0-1

[Event "Gibtelecom Masters 8th"]
[Site "Gibraltar"]
[Date "2010.01.28"]
[Round "4.48"]
[White "Gandrud, Vegar Koi"]
[Black "Tania, Sachdev"]
[Result "1/2-1/2"]
[WhiteElo "2158"]
[BlackElo "2398"]
[PlyCount "65"]
[EventDate "2010.01.26"]
[EventType "swiss"]
[EventRounds "10"]
[EventCountry "GGB"]
[SourceDate "2005.02.07"]

1. d4 Nf6 2. c4 e6 3. Nf3 b6 4. g3 Ba6 5. Qc2 Bb4+ 6. Nbd2 O-O 7. Bg2 d5 8. O-Bb7 9. a3 Be7 10. b3 c5 11. cxd5 exd5 12. dxc5 bxc5 13. Bb2 Nbd7 14. Rac1 Qb6
15. Bh3 Rfd8 16. Rfe1 Ne4 17. Bxd7 Rxd7 18. Nxe4 dxe4 19. Ne5 Rdd8 20. Qc3 Bf6
21. Qe3 Qe6 22. Rxc5 Bd5 23. Nc4 Be7 24. Rc7 Rab8 25. Qxa7 Bg5 26. Qd4 Bf6 27Qc5 Bxb2 28. Nxb2 Rxb3 29. Nc4 Bxc4 30. Qxc4 Qxc4 31. Rxc4 e3 32. fxe3 Rxa3 33Kf2 1/2-1/2

[Event "Gibtelecom Masters 8th"]
[Site "Gibraltar"]
[Date "2010.01.28"]
[Round "4.49"]
[White "Fox, Anthony"]
[Black "Benitah, Yohan"]
[Result "0-1"]
[WhiteElo "2113"]
[BlackElo "2390"]
[PlyCount "96"]
[EventDate "2010.01.26"]
[EventType "swiss"]
[EventRounds "10"]
[EventCountry "GGB"]
[SourceDate "2005.02.07"]

1. e4 c5 2. Nc3 d6 3. g3 Nc6 4. Bg2 g6 5. d3 Bg7 6. Be3 Nf6 7. h3 O-O 8. Nge2
Rb8 9. O-O b5 10. Qd2 b4 11. Nd1 Qa5 12. f4 Bd7 13. g4 Qa6 14. f5 b3 15. cxb3
Rxb3 16. Ndc3 Rbb8 17. d4 cxd4 18. Nxd4 Rb4 19. Nde2 Rfb8 20. b3 Ne8 21. Rad1
Be5 22. Nd5 R4b7 23. Kh1 Nc7 24. Bf4 Nxd5 25. exd5 Bxf4 26. Nxf4 Ne5 27. fxg6
hxg6 28. Rf2 Rc7 29. Nd3 Qxd3 30. Qxd3 Nxd3 31. Rxd3 Rc1+ 32. Kh2 Rbc8 33. Re3
Kf8 34. Be4 g5 35. Ree2 Bb5 36. Rc2 R8xc2 37. Rxc2 Rxc2+ 38. Bxc2 Kg7 39. Kg3
Kf6 40. h4 gxh4+ 41. Kxh4 Ke5 42. g5 Kxd5 43. g6 fxg6 44. Bxg6 Kd4 45. Kg3 Bd3
46. Bf7 Kc3 47. a3 Kb2 48. a4 Bc2 0-1

[Event "Gibtelecom Masters 8th"]
[Site "Gibraltar"]
[Date "2010.01.28"]
[Round "4.50"]
[White "Flermoen, Peter"]
[Black "Cabrera Trujillo, Jorge"]
[Result "1/2-1/2"]
[WhiteElo "2108"]
[BlackElo "2384"]
[PlyCount "60"]
[EventDate "2010.01.26"]
[EventType "swiss"]
[EventRounds "10"]
[EventCountry "GGB"]
[SourceDate "2005.02.07"]

1. e4 c5 2. Nf3 d6 3. d4 cxd4 4. Nxd4 Nf6 5. Nc3 a6 6. Be3 e6 7. Be2 Be7 8. a4
O-O 9. O-O Nc6 10. Qd2 Qc7 11. f4 Na5 12. Qd3 Bd7 13. Nb3 Nxb3 14. cxb3 Rac8
15. Rfd1 Qb8 16. b4 d5 17. e5 Ne8 18. b5 a5 19. Rac1 b6 20. Kh1 Kh8 21. Bg4 f5
22. Bf3 Bc5 23. Ne2 g5 24. g3 Ng7 25. Nd4 Kg8 26. Rc2 g4 27. Bg2 Rc7 28. Rdc1
Rfc8 29. Kg1 Kf7 30. Kf2 h5 1/2-1/2

[Event "Gibtelecom Masters 8th"]
[Site "Gibraltar"]
[Date "2010.01.28"]
[Round "4.51"]
[White "Demac, Elias"]
[Black "Dworakowska, Joanna"]
[Result "1/2-1/2"]
[WhiteElo "2104"]
[BlackElo "2374"]
[PlyCount "95"]
[EventDate "2010.01.26"]
[EventType "swiss"]
[EventRounds "10"]
[EventCountry "GGB"]
[SourceDate "2005.02.07"]

1. d4 g6 2. c4 Bg7 3. Nc3 d6 4. Nf3 Bg4 5. e4 Nc6 6. Be3 Bxf3 7. gxf3 e5 8. d5
Nd4 9. Bg2 c5 10. O-O Nf6 11. f4 O-O 12. fxe5 dxe5 13. Bg5 h6 14. Bxf6 Bxf6 15Ne2 Nxe2+ 16. Qxe2 Bg5 17. Rab1 a5 18. Qd3 Qd6 19. Qb3 Ra6 20. Bh3 Qc7 21. Qd3
Rd8 22. Rfd1 Be7 23. Qe3 Kg7 24. Kh1 Rf6 25. Rg1 Rdd6 26. Rbf1 Rf4 27. Rg4 Rdf6
28. Rxf4 exf4 29. Qc3 Bd6 30. f3 Be5 31. Qc2 Ra6 32. Qa4 Qe7 33. Qd7 Qf6 34Rb1 Rb6 35. Be6 h5 36. b3 a4 37. Kg2 Rb4 38. Kh1 Bd4 39. h3 axb3 40. Rxb3 Qh4
41. Qxf7+ Kh6 42. Qf8+ Bg7 43. Qxc5 Rxc4 44. Qxc4 Qe1+ 45. Kg2 Qd2+ 46. Kh1
Qd1+ 47. Kg2 Qd2+ 48. Kh1 1/2-1/2

[Event "Gibtelecom Masters 8th"]
[Site "Gibraltar"]
[Date "2010.01.28"]
[Round "4.52"]
[White "Degtiarev, Evgeny"]
[Black "Molina, Antonio"]
[Result "1-0"]
[WhiteElo "2374"]
[BlackElo "2148"]
[PlyCount "117"]
[EventDate "2010.01.26"]
[EventType "swiss"]
[EventRounds "10"]
[EventCountry "GGB"]
[SourceDate "2005.02.07"]

1. d4 Nf6 2. c4 g6 3. Nc3 Bg7 4. e4 d6 5. Nf3 O-O 6. Be2 e5 7. Be3 h6 8. O-Ng4 9. Bc1 Nc6 10. d5 Ne7 11. b4 f5 12. Nh4 Nf6 13. exf5 g5 14. Ng6 Nxg6 15fxg6 Bf5 16. Be3 Bxg6 17. c5 a6 18. Rc1 Qe7 19. cxd6 cxd6 20. Na4 Rac8 21. Qb3
Bf7 22. Nb6 Rc7 23. Rxc7 Qxc7 24. Rc1 Qb8 25. b5 axb5 26. Qxb5 Rd8 27. Bd3 Bf8
28. Bf5 Kg7 29. h4 g4 30. Qc4 h5 31. Qd3 Be7 32. Qd2 Ng8 33. Bg5 Re8 34. Nc8
Bxg5 35. Qxg5+ Kh8 36. Be6 Rf8 37. Bxf7 Rxf7 38. Qxh5+ Rh7 39. Qxg4 Rc7 40Qh5+ Kg7 41. Qg5+ Kh8 42. Nb6 Rxc1+ 43. Qxc1 Qd8 44. Nc4 b5 45. Ne3 Qxh4 46Qc6 Qb4 47. Qd7 Qe1+ 48. Nf1 Qb4 49. Qf7 Qc4 50. Ne3 Qc1+ 51. Kh2 b4 52. Qh5+
Kg7 53. Qg4+ Kh8 54. Qh4+ Kg7 55. Qxb4 Nf6 56. Qxd6 Qb2 57. Nf5+ Kg6 58. Nh4+
Kg5 59. Nf3+ 1-0

[Event "Gibtelecom Masters 8th"]
[Site "Gibraltar"]
[Date "2010.01.28"]
[Round "4.53"]
[White "Freuler, Roman"]
[Black "Solomon, Kenny"]
[Result "1/2-1/2"]
[WhiteElo "2082"]
[BlackElo "2368"]
[PlyCount "145"]
[EventDate "2010.01.26"]
[EventType "swiss"]
[EventRounds "10"]
[EventCountry "GGB"]
[SourceDate "2005.02.07"]

1. e4 c5 2. Nf3 e6 3. d4 cxd4 4. Nxd4 a6 5. Nc3 Qc7 6. Be2 b5 7. a3 Bb7 8. O-Nf6 9. Qd3 Be7 10. Be3 d6 11. f4 Nbd7 12. Nb3 h5 13. Kh1 g6 14. Rae1 h4 15. Bf3
Nh5 16. Qe2 Rc8 17. f5 Ne5 18. fxg6 fxg6 19. Nd4 Ng7 20. Bg4 Qd7 21. Nd5 Bd8
22. Nf6+ Bxf6 23. Rxf6 Bxe4 24. Nxe6 Rxc2 25. Nxg7+ Qxg7 26. Qxc2 Bxc2 27. Rxd6
O-O 28. Bd4 Nxg4 29. Bxg7 Kxg7 30. Kg1 a5 31. Rd4 Bf5 32. h3 Nf6 33. Re5 Rb8
34. Rxh4 Rb7 35. Rd4 Bb1 36. g4 a4 37. g5 Nh5 38. Rdd5 Nf4 39. Rxb5 Rd7 40. Kh2
Rd2+ 41. Kh1 Rd7 42. Kh2 Ba2 43. Re4 Rd2+ 44. Kg3 Ne2+ 45. Kg4 Nd4 46. Rb7+ Bf7
47. Rd7 Rg2+ 48. Kf4 Nb3 49. Rc4 Rf2+ 50. Ke3 Rf5 51. Rcc7 Na5 52. Kd4 Nb3+ 53Kc3 Rf3+ 54. Kb4 Rf4+ 55. Kc3 Kf8 56. Rxf7+ Rxf7 57. Rxf7+ Kxf7 58. Kb4 Ke6 59Kxa4 Nd4 60. Ka5 Kf5 61. b4 Kxg5 62. b5 Kh4 63. b6 Kxh3 64. b7 Nc6+ 65. Kb6 Nb8
66. a4 g5 67. a5 g4 68. a6 g3 69. a7 g2 70. axb8=Q g1=Q+ 71. Kc6 Qg2+ 72. Kd7
Qg4+ 73. Kc6 1/2-1/2

[Event "Gibtelecom Masters 8th"]
[Site "Gibraltar"]
[Date "2010.01.28"]
[Round "4.54"]
[White "Brown, Thomas"]
[Black "Dittmar, Peter"]
[Result "0-1"]
[WhiteElo "2064"]
[BlackElo "2341"]
[PlyCount "86"]
[EventDate "2010.01.26"]
[EventType "swiss"]
[EventRounds "10"]
[EventCountry "GGB"]
[SourceDate "2005.02.07"]

1. d4 Nf6 2. c4 e6 3. Nc3 Bb4 4. e3 O-O 5. Nf3 Nc6 6. Bd3 d6 7. O-O Bxc3 8bxc3 e5 9. e4 Bg4 10. d5 Nb8 11. h3 Bh5 12. g4 Bg6 13. Qe2 Nfd7 14. h4 h5 15g5 Na6 16. Nh2 Nac5 17. Bc2 Nb6 18. Re1 Qd7 19. Kg2 Nba4 20. Bd2 f6 21. gxf6
Rxf6 22. Rg1 Raf8 23. Raf1 Qf7 24. f3 Qd7 25. Qe1 Nb2 26. Qe2 Be8 27. Kh1 Qh3
28. Be1 Rg6 29. Rxg6 Bxg6 30. Rg1 Be8 31. Rg3 Qd7 32. Bd2 Kh8 33. Nf1 b5 34Ne3 Nxc4 35. Nxc4 bxc4 36. Qxc4 Qb5 37. Qxb5 Bxb5 38. Kg2 Bc4 39. a3 Rb8 40Bc1 Bd3 41. Bxd3 Nxd3 42. Be3 a5 43. Bg5 Rb3 0-1

[Event "Gibtelecom Masters 8th"]
[Site "Gibraltar"]
[Date "2010.01.28"]
[Round "4.55"]
[White "Andre, Gordon"]
[Black "Collier, David O"]
[Result "1/2-1/2"]
[WhiteElo "2308"]
[BlackElo "2118"]
[PlyCount "115"]
[EventDate "2010.01.26"]
[EventType "swiss"]
[EventRounds "10"]
[EventCountry "GGB"]
[SourceDate "2005.02.07"]

1. c4 Nf6 2. Nc3 e6 3. Nf3 b6 4. d4 Bb7 5. a3 Be7 6. d5 exd5 7. cxd5 O-O 8. e4
Re8 9. Bd3 d6 10. O-O c5 11. dxc6 Nxc6 12. Bf4 a6 13. h3 Bf8 14. Qb3 Na5 15Qc2 Rc8 16. Nd2 b5 17. Rfe1 h6 18. b4 Nc6 19. Bf1 d5 20. exd5 Rxe1 21. Rxe1
Nxd5 22. Nxd5 Qxd5 23. Qe4 Nd4 24. Bd3 Qxe4 25. Nxe4 Ne6 26. Be3 Be7 27. f4 Rd8
28. Bb1 Kf8 29. f5 Bxe4 30. Bxe4 Nd4 31. Kf2 Bf6 32. Rd1 Ke7 33. g3 Be5 34. Kg2
Rd6 35. g4 Kd7 36. Bb7 Kc7 37. Be4 Kd7 38. h4 Kc7 39. Rc1+ Kd7 40. Rd1 Ne2 41Rxd6+ Kxd6 42. Bb7 Nd4 43. Bxa6 Kc6 44. f6 Bxf6 45. g5 hxg5 46. hxg5 Be5 47Kh3 Ne6 48. Kg4 Nc7 49. Bc8 Bb2 50. Bc5 Bxa3 51. Bf5 Na6 52. Bf8 Bxb4 53. Bxg7
Bd6 54. Kh4 Nc7 55. Kh3 Bf4 56. Kh4 b4 57. Kg4 Bd2 58. g6 1/2-1/2

[Event "Gibtelecom Masters 8th"]
[Site "Gibraltar"]
[Date "2010.01.28"]
[Round "4.56"]
[White "Obiamiwe, Paul"]
[Black "Forsaa, Espen"]
[Result "0-1"]
[WhiteElo "2046"]
[BlackElo "2301"]
[PlyCount "74"]
[EventDate "2010.01.26"]
[EventType "swiss"]
[EventRounds "10"]
[EventCountry "GGB"]
[SourceDate "2005.02.07"]

1. e4 c5 2. Nf3 d6 3. d4 cxd4 4. Nxd4 Nf6 5. Nc3 a6 6. f4 e6 7. Qf3 Qc7 8. g4
h6 9. h4 Nc6 10. Be3 Nxd4 11. Bxd4 e5 12. fxe5 dxe5 13. Be3 Bxg4 14. Qg2 Bb4
15. Bd2 O-O-O 16. Bd3 Qb6 17. a3 Bxc3 18. Bxc3 Qe3+ 19. Be2 Qxe2+ 20. Qxe2 Bxe2
21. Kxe2 Nxe4 22. Bxe5 Rhe8 23. Bxg7 Ng3+ 24. Kf3 Nxh1 25. Rxh1 Re6 26. Rh2 Rd1
27. Bc3 Rf1+ 28. Rf2 Rxf2+ 29. Kxf2 Re4 30. Kg3 h5 31. Bf6 Kd7 32. Kf3 Rc4 33c3 Rg4 34. a4 Ke6 35. Bd8 Rxa4 36. b4 Ra3 37. Kf4 f6 0-1

[Event "Gibtelecom Masters 8th"]
[Site "Gibraltar"]
[Date "2010.01.28"]
[Round "4.57"]
[White "Videnova, Iva"]
[Black "Fokin, Sergey"]
[Result "1-0"]
[WhiteElo "2301"]
[BlackElo "2109"]
[PlyCount "125"]
[EventDate "2010.01.26"]
[EventType "swiss"]
[EventRounds "10"]
[EventCountry "GGB"]
[SourceDate "2005.02.07"]

1. e4 c5 2. Nf3 e6 3. d4 cxd4 4. Nxd4 a6 5. Bd3 Bc5 6. Nb3 Ba7 7. Qg4 Nf6 8Qg3 d6 9. Nc3 Nc6 10. f4 h5 11. Be3 h4 12. Qf3 Bxe3 13. Qxe3 e5 14. f5 b5 15a3 Bb7 16. O-O Ne7 17. Rad1 Ng4 18. Qf3 Qb6+ 19. Kh1 Nf6 20. Qe2 Nh5 21. Qf2
Qxf2 22. Rxf2 Rd8 23. Kg1 Nf6 24. Re1 Nc8 25. Na5 Ba8 26. a4 bxa4 27. Bxa6 Nb6
28. Nc4 Nxc4 29. Bxc4 Bc6 30. Rd2 Ke7 31. Bb5 Rc8 32. Bxa4 Bxa4 33. Nxa4 Rc4
34. b3 Rxe4 35. Red1 Rc8 36. c4 Re3 37. Rd3 Rxd3 38. Rxd3 Rb8 39. Nc3 g5 40. h3
Rb7 41. g3 hxg3 42. Rxg3 Ra7 43. Rxg5 Ra1+ 44. Kh2 Rc1 45. Nb5 Rb1 46. Rg3 Rf1
47. Rd3 e4 48. Rxd6 Rf2+ 49. Kg1 Rxf5 50. Rb6 Nd7 51. Rb7 Rg5+ 52. Kf2 Rf5+ 53Ke2 Rh5 54. b4 Rxh3 55. c5 Rh6 56. Nd4 Kd8 57. c6 Ne5 58. b5 Rh2+ 59. Ke3 Nc4+
60. Kf4 Rf2+ 61. Kxe4 Nd6+ 62. Ke3 Nxb7 63. cxb7 1-0

[Event "Gibtelecom Masters 8th"]
[Site "Gibraltar"]
[Date "2010.01.28"]
[Round "4.58"]
[White "Spanton, Tim R"]
[Black "Perez Pardo, Juan Carlos"]
[Result "0-1"]
[WhiteElo "2035"]
[BlackElo "2297"]
[PlyCount "144"]
[EventDate "2010.01.26"]
[EventType "swiss"]
[EventRounds "10"]
[EventCountry "GGB"]
[SourceDate "2005.02.07"]

1. e4 c5 2. Nf3 e6 3. d3 b6 4. g3 Bb7 5. Bg2 d6 6. O-O Be7 7. c3 Nd7 8. Qe2
Ngf6 9. Ng5 Qc7 10. f4 h6 11. Nh3 O-O-O 12. a4 d5 13. e5 Ne8 14. d4 g6 15. Na3
a6 16. Be3 Ng7 17. c4 Kb8 18. cxd5 exd5 19. Rfc1 c4 20. Nxc4 dxc4 21. Rxc4 Nc5
22. dxc5 bxc5 23. b4 Bxg2 24. Qxg2 Qb7 25. bxc5 Qxg2+ 26. Kxg2 Kc7 27. Rb1 Rd3
28. Bf2 Rb8 29. Rxb8 Kxb8 30. Ng1 Ne6 31. Ne2 Rd2 32. Kf3 Kc7 33. Nc3 Kc6 34Ne4 Rd5 35. h3 Rd3+ 36. Ke2 Ra3 37. Nc3 h5 38. Kf3 Bxc5 39. Bxc5 Nxc5 40. g4
Kb6 41. Kg2 h4 42. f5 gxf5 43. gxf5 Rb3 44. a5+ Kc6 45. Na4 Kb5 46. Rxc5+ Kxa4
47. e6 fxe6 48. f6 Rg3+ 49. Kh2 Rf3 50. Rc6 Kxa5 51. Rxe6 Rf4 52. Kg2 Kb5 53Re5+ Kb4 54. Rg5 Rxf6 55. Rg4+ Kb3 56. Rxh4 a5 57. Rh8 Rb6 58. Re8 Rb4 59. Re3+
Kc2 60. Re2+ Kc3 61. Re3+ Kd2 62. Ra3 a4 63. Ra2+ Kc1 64. Kg3 Kb1 65. Rf2 a3
66. Rf1+ Kb2 67. Rf2+ Kb3 68. Rf3+ Ka4 69. Rf2 Rc4 70. Rf8 a2 71. Ra8+ Kb3 72h4 Ra4 0-1

[Event "Gibtelecom Masters 8th"]
[Site "Gibraltar"]
[Date "2010.01.28"]
[Round "4.59"]
[White "Stebbings, Anthony J"]
[Black "Hagen, Anders Gjerdrum"]
[Result "1-0"]
[WhiteElo "2290"]
[BlackElo "2108"]
[PlyCount "57"]
[EventDate "2010.01.26"]
[EventType "swiss"]
[EventRounds "10"]
[EventCountry "GGB"]
[SourceDate "2005.02.07"]

1. e4 c5 2. Nf3 Nc6 3. d4 cxd4 4. Nxd4 Nf6 5. Nc3 d6 6. f4 g6 7. Nxc6 bxc6 8e5 dxe5 9. Qxd8+ Kxd8 10. fxe5 Nd5 11. Bd2 Bg7 12. O-O-O Bxe5 13. Nxd5 cxd5 14Ba5+ Ke8 15. Bb5+ Kf8 16. Rxd5 Bf6 17. Rd8+ Kg7 18. Rxh8 Kxh8 19. Rd1 Kg7 20Bc6 Rb8 21. Rd8 Bxb2+ 22. Kd2 Be5 23. Bc3 Bxc3+ 24. Kxc3 e5 25. Bd7 Bxd7 26Rxb8 Bc6 27. g3 Bd5 28. Rb5 Bxa2 29. Rxe5 1-0

[Event "Gibtelecom Masters 8th"]
[Site "Gibraltar"]
[Date "2010.01.28"]
[Round "4.60"]
[White "Schuetze, Norman"]
[Black "Ogada-Osir, Ibrahim Okinyi"]
[Result "0-1"]
[WhiteElo "2269"]
[BlackElo "2104"]
[PlyCount "76"]
[EventDate "2010.01.26"]
[EventType "swiss"]
[EventRounds "10"]
[EventCountry "GGB"]
[SourceDate "2005.02.07"]

1. e4 d5 2. exd5 Qxd5 3. Nc3 Qd6 4. d4 Nf6 5. Nf3 Bg4 6. h3 Bxf3 7. Qxf3 Nc6 8Nb5 Qe6+ 9. Be3 O-O-O 10. Bd3 Kb8 11. Qg3 Rd7 12. O-O a6 13. a4 Nb4 14. Nc3
Nxd3 15. cxd3 Qd6 16. Qf3 e6 17. Ne4 Qd5 18. Rac1 Be7 19. Rc2 Qf5 20. Qg3 Nxe4
21. dxe4 Qxe4 22. Rfc1 Bd6 23. Qxg7 Rdd8 24. Qg4 Qd5 25. Qe2 Rhg8 26. f3 Rg6
27. Kf1 Rdg8 28. Qd3 Qh5 29. b4 f5 30. b5 f4 31. bxa6 fxe3 32. Rb1 Rxg2 33Rxb7+ Kc8 34. Rxg2 Qxf3+ 35. Ke1 Rxg2 36. Rb8+ Kxb8 37. Qb5+ Ka7 38. Qb7+ Qxb7
0-1

[Event "Gibtelecom Masters 8th"]
[Site "Gibraltar"]
[Date "2010.01.28"]
[Round "4.61"]
[White "Ortega Valle, Jose Ramon"]
[Black "Nikolaidis, Konstantinos"]
[Result "0-1"]
[WhiteElo "2054"]
[BlackElo "2266"]
[PlyCount "66"]
[EventDate "2010.01.26"]
[EventType "swiss"]
[EventRounds "10"]
[EventCountry "GGB"]
[SourceDate "2005.02.07"]

1. e4 c6 2. d4 d5 3. Nc3 dxe4 4. Nxe4 Bf5 5. Ng3 Bg6 6. h4 h6 7. h5 Bh7 8. Nf3
Nd7 9. Bd3 Bxd3 10. Qxd3 e6 11. Bf4 Qa5+ 12. Bd2 Bb4 13. c3 Be7 14. c4 Qc7 15O-O-O Ngf6 16. Kb1 O-O 17. Bc3 b5 18. cxb5 cxb5 19. Rc1 Qb7 20. Ne5 Rfc8 21Rce1 b4 22. Bd2 Nxe5 23. dxe5 Rd8 24. Qe2 Nd7 25. f4 b3 26. a3 Rac8 27. Rc1 Rc2
28. Qe4 Qxe4 29. Nxe4 Nc5 30. Bb4 Nxe4 31. Bxe7 Nd2+ 32. Ka1 Rdc8 33. Rcd1 Rxb2
0-1